№ 3; Известия Академии наук СССР

Bibliografiset tiedot
Parent link:Известия Академии наук СССР: научный журнал/ Академия наук СССР (АН СССР). № 3.— , 1933-1936
Kieli:venäjä
Julkaistu: 1936
Aineistotyyppi: Kirja
KOHA link:https://koha.lib.tpu.ru/cgi-bin/koha/opac-detail.pl?biblionumber=553628

MARC

LEADER 00000nam2a2200000 4500
001 553628
005 20231101121325.0
035 |a (RuTPU)RU\TPU\prd\247490 
035 |a RU\TPU\prd\247489 
090 |a 553628 
100 |a 20151207b1936 k y0rusy50 ca 
101 0 |a rus 
102 |a RU 
200 0 |a № 3 
210 |d 1936 
461 1 |0 (RuTPU)RU\TPU\prd\244  |t Известия Академии наук СССР  |h Серия 7  |i отделение общественных наук  |o научный журнал  |f Академия наук СССР (АН СССР)  |v № 3  |d 1933-1936 
801 0 |a RU  |b 63413507  |c 20010227  |g PSBO 
801 1 |a RU  |b 63413507  |c 20151207 
801 2 |a RU  |b 63413507  |c 20151212  |g RCR 
942 |c BK 
999 |a НТБ_ТПУ  |b РФ  |e -4/20150112  |p П-701d  |u 0,00  |v 1 
999 |a НТБ_ТПУ  |b РФ  |e -4/20150112  |p П-701о  |u 0,00  |v 1  |x 3169